Macintosh C. Programming V.1
| Main Author: | |
|---|---|
| Format: | Section = Libro |
| Language: | Undetermined Spanish |
| Published: |
New York
Addison/Wesley
1992
|
| Edition: | 2a. ed |
| Subjects: |
| LEADER | 00474nam a2200193Ia 4500 | ||
|---|---|---|---|
| 008 | 240830s9999 xx 000 0 und d | ||
| 020 | |a 0-201-60838-3 | ||
| 040 | |a CEDOC FIQ-RUSB / 511 D246 | ||
| 041 | |a spa | ||
| 082 | |a 511 D246 | ||
| 100 | 1 | |a Dave, Mark | |
| 245 | 1 | 0 | |a Macintosh C. Programming V.1 |
| 250 | |a 2a. ed | ||
| 260 | |a New York |b Addison/Wesley |c 1992 | ||
| 300 | |a 656 p.: il. | ||
| 650 | 7 | |a ANÁLISIS NÚMERICO I | |
| 942 | |c BK |2 ddc | ||
| 991 | |a TEXTO | ||
| 999 | |c 13163 | ||